00674nam a2200205Ia 4500003000900000008004100009020003100050022002200081022002300103040001600126100001900142245008500161260003100246300001000277490002800287700001300315700001700328700001500345856010800360IN-BaIIA211028s9999 xx s 000 0 eng d a978-2-7598-9006-4 (Online) a1633-4760 (Print) a1638-1963 (Online) cIIA Library aMary, D., ed.  0aMathematical Tools for Instrumentation & Signal Processing in Astronomyh[eBook] aFrancebEDP Sciencesc2016 a305p. aEAS Publications Series aAime, C. aFlamary, R.  aTheys, C.  uhttps://www.eas-journal.org/articles/eas/abs/2016/02/contents/contents.htmlyClick Here to Access eBook